La noche de un día difícil /
Gardado en:
| Autor Principal: | |
|---|---|
| Formato: | Desconocido |
| Idioma: | Spanish |
| Publicado: |
La Habana, Cuba :
Ediciones Unión de Escritoress y Artistas de Cuba,
1989.
|
| Materias: | |
| Etiquetas: |
Engadir etiqueta
Sen Etiquetas, Sexa o primeiro en etiquetar este rexistro!
|
MARC
| LEADER | 000000000a22000000004500 | ||
|---|---|---|---|
| 001 | 001767 | ||
| 041 | 0 | |a spa | |
| 082 | 0 | 4 | |a Cu863.44 |b C424n |
| 100 | 1 | |a Cevedo Sosa, Sergio, |d 1956- | |
| 245 | 1 | 3 | |a La noche de un día difícil / |c Sergio Cevedo Sosa. |
| 260 | 1 | |a La Habana, Cuba : |b Ediciones Unión de Escritoress y Artistas de Cuba, |c 1989. | |
| 300 | |a 105 páginas | ||
| 500 | |a Premio David 1987 | ||
| 650 | 4 | |a LITERATURA CUBANA | |
| 650 | 4 | |a CUENTOS | |
| 999 | |c 8436 |d 8436 | ||
| 942 | |c BK |h Cu863.44 C424n |2 z | ||
